| 000 | 01684cam a22003495i 4500 | ||
|---|---|---|---|
| 999 |
_c28040 _d28011 |
||
| 001 | 12366227 | ||
| 003 | EG-ScBUE | ||
| 005 | 20200211151438.0 | ||
| 008 | 010402t20012001msua f b 001 0 eng d | ||
| 020 | _a1578064147 (pbk.) | ||
| 020 | _a9781578064144 | ||
| 040 |
_aDLC _beng _erda _cDLC _dDLC _dEG-ScBUE |
||
| 082 | 0 | 4 |
_a741.509 _bLAN _222 |
| 245 | 0 | 4 |
_aThe language of comics : _bword and image / _cedited by Robin Varnum and Christina T. Gibbons. |
| 264 | 1 |
_aJackson, Mississippi : _bUniversity Press of Mississippi, _c[2001] |
|
| 264 | 4 | _cc2001 | |
| 300 |
_axix, 222 pages : _billustrations ; _c24 cm. |
||
| 336 |
_atext _btxt _2rdacontent |
||
| 337 |
_aunmediated _bn _2rdamedia |
||
| 338 |
_avolume _bnc _2rdacarrier |
||
| 490 | 0 | _aStudies in popular culture | |
| 504 | _aIncludes bibliographical references and index. | ||
| 520 | _aA diverse study of how words and pictures interact in comics to make messages. In our culture, which depends increasingly on images for instruction and recreation, it is important to ask how words and images make meaning when they are combined. Comics, one of the most widely read media of the twentieth century, serves as an ideal for focusing an investigation on the word-and-image question. This collection of essays. | ||
| 650 | 7 |
_aComic books, strips, etc. _xHistory and criticism. _2BUEsh |
|
| 650 | 7 |
_aArt and literature _xHistory _y20th century. _2BUEsh |
|
| 653 |
_bCOMAME _cFebruary2020 |
||
| 700 | 1 |
_aVarnum, Robin, _d1950- _eeditor. |
|
| 700 | 1 |
_aGibbons, Christina T., _d1942- _eeditor. _925200 |
|
| 856 | 4 | 1 |
_3Table of contents _uhttp://www.loc.gov/catdir/toc/fy037/2001026171.html |
| 942 |
_2ddc _cBB |
||